| Tag |
First Indicator |
Second Indicator |
Subfields |
| LEADER |
00000cam a2200000 a 4500 |
| 001 |
in00001535708 |
| 005 |
20151214141021.0 |
| 008 |
990210s2000 alua b s000 0 eng |
| 010 |
|
|
|a 99006140
|
| 015 |
|
|
|a GBA0-17826
|
| 020 |
|
|
|a 0817309896 (alk. paper)
|
| 020 |
|
|
|a 081730990X (pbk. : alk. paper)
|
| 035 |
|
|
|a (OCoLC)40783781
|
| 040 |
|
|
|a DLC
|c DLC
|d C#P
|d UKM
|d TXA
|d UtOrBLW
|
| 043 |
|
|
|a n-us---
|
| 049 |
|
|
|a TXAM
|
| 050 |
0 |
0 |
|a PS151
|b .F75 2000
|
| 082 |
0 |
0 |
|a 811/.5099287
|2 21
|
| 100 |
1 |
|
|a Fraser, Kathleen,
|d 1935-
|
| 245 |
1 |
0 |
|a Translating the unspeakable :
|b poetry and the innovative necessity : essays /
|c by Kathleen Fraser.
|
| 264 |
|
1 |
|a Tuscaloosa :
|b University of Alabama Press,
|c [2000]
|
| 264 |
|
4 |
|c ©2000
|
| 300 |
|
|
|a xi, 213 pages :
|b illustrations ;
|c 23 cm.
|
| 336 |
|
|
|a text
|b txt
|2 rdacontent
|
| 337 |
|
|
|a unmediated
|b n
|2 rdamedia
|
| 338 |
|
|
|a volume
|b nc
|2 rdacarrier
|
| 490 |
1 |
|
|a Modern and contemporary poetics
|
| 504 |
|
|
|a Includes bibliographical references (pages [209]-213).
|
| 650 |
|
0 |
|a American poetry
|x Women authors
|x History and criticism.
|
| 650 |
|
0 |
|a Women and literature
|z United States
|x History
|y 20th century.
|
| 650 |
|
0 |
|a American poetry
|y 20th century
|x History and criticism.
|
| 650 |
|
0 |
|a Modernism (Literature)
|z United States.
|
| 830 |
|
0 |
|a Modern and contemporary poetics.
|
| 948 |
|
|
|a cataloged
|b h
|c 2000/4/15
|d c
|e jgreene
|f 5:47:47 pm
|
| 994 |
|
|
|a E0
|b TXA
|
| 999 |
|
|
|a MARS
|
| 999 |
f |
f |
|s 2374dc66-3fd6-37a0-9f20-165108376ee0
|i 4fcbcb6f-9224-363c-a924-c2aadfdaec79
|t 0
|
| 952 |
f |
f |
|p ric
|a Texas A&M University
|b Rellis Campus
|c Joint Library Facility
|d Remote Storage
|t 0
|e PS151 .F75 2000
|h Library of Congress classification
|i unmediated -- volume
|m A14825919865
|
| 998 |
f |
f |
|a PS151 .F75 2000
|t 0
|l Remote Storage
|